MARC

LEADER 00000nam0a2200000 4500
001 272119
005 20231031225624.0
035 |a (RuTPU)RU\TPU\book\295324 
035 |a RU\TPU\book\58287 
090 |a 272119 
100 |a 20141015d1970 k y0rusy50 ca 
101 0 |a rus 
102 |a RU 
105 |a a z 001zy 
200 1 |a Современные способы бурения скважин  |f Б. И. Воздвиженский, А. К. Сидоренко, А. Л. Скорняков 
210 |a Москва  |c Недра  |d 1970 
215 |a 352 с.  |c ил. 
320 |a Библиогр.: с. 350-351. 
606 1 |a Бурение   |2 stltpush  |3 (RuTPU)RU\TPU\subj\30267 
610 1 |a горное дело 
610 1 |a буровые скважины 
610 1 |a разведочное бурение 
610 1 |a взрывные скважины 
610 1 |a разведочные скважины 
610 1 |a горные породы 
610 1 |a физико-механические свойства 
610 1 |a твердые полезные ископаемые 
610 1 |a месторождения 
610 1 |a горные выработки 
675 |a 622.243  |v 3 
700 1 |a Воздвиженский  |b Б. И.  |g Борис Иванович 
701 1 |a Сидоренко  |b А. К.  |g Анатолий Кириллович 
701 1 |a Скорняков  |b А. Л.  |g Александр Львович 
801 1 |a RU  |b 63413507  |c 20030917  |g PSBO 
801 2 |a RU  |b 63413507  |c 20151106  |g PSBO 
942 |c BK